000 00402nam a22001337a 4500
020 _qPB.
040 _cFIZZA ISHAQ
082 _a823.912
_bSAI
100 _aASSOCIATION,SAILING US.
_9133284
245 _aBASIC KEELBOARD THE NATIONAL STANDARD FOR QUALITY SAILING INSTRUCTION /
_cUS SAILING ASSOCIATION.
260 _aNEW YORK ;
_bUS SAILING,
_c1949.
300 _a91 P. ;
_c10.8X8.3IN
942 _2ddc
_cBK
999 _c616246
_d616246